[Event "Nord West Cup"]
[Site "Oldenburg"]
[Date "2000.02.13"]
[Round "7"]
[White "Lau, Dietmar"]
[Black "Tchetchelnitski, Boris"]
[Result "1-0"]
[WhiteElo "2205"]
[BlackElo "2272"]
[PlyCount "133"]
[EventDate "2000.??.??"]
[EventType "swiss"]
[EventRounds "7"]
[EventCountry "GER"]
[SourceTitle "EXT 2002"]
[Source "ChessBase"]
[SourceDate "2001.11.25"]
[SourceVersion "1"]
[SourceVersionDate "2001.11.25"]
[SourceQuality "1"]

1. d4 e6 2. Nf3 Nf6 3. g3 b5 4. Bg2 Bb7 5. 0-0 Be7 6. Nbd2 Qc8 7. Re1 Ne4 8. a4 b4 9. Nxe4 Bxe4 10. Nd2 Bxg2 11. Kxg2 Nc6 12. c3 bxc3 13. bxc3 d5 14. a5 Qa6 15. Ba3 Bxa3 16. Rxa3 0-0 17. Nb3 Qb5 18. Qc2 Rab8 19. Rc1 Rfd8 20. Qa2 e5 21. Qc2 Re8 22. e3 h6 23. a6 Rb6 24. Nc5 Na5 25. Qa4 Nc4 26. Qxb5 Rxb5 27. Ra2 e4 28. Rcc2 Rb1 29. Nb7 Re6 30. Na5 Nb6 31. c4 dxc4 32. Nxc4 Nd5 33. Nd2 Rbb6 34. Ra5 c6 35. Ra4 Kf8 36. Nc4 Rb5 37. Ne5 Nb4 38. Rc5 Nd3 39. Nxd3 exd3 40. Rc3 d2 41. Rd3 Rb2 42. Ra1 Rd6 43. Rd1 c5 44. d5 Rxa6 45. R1xd2 Rxd2 46. Rxd2 Ke7 47. e4 f6 48. Kf3 Kd6 49. Kf4 g6 50. h4 h5 51. g4 hxg4 52. Kxg4 Ra4 53. f3 a5 54. h5 gxh5+ 55. Kf5 Ra3 56. f4 Rf3 57. Rb2 c4 58. Rb6+ Kd7 59. Rxf6 c3 60. Rc6 Rd3 61. e5 Rxd5 62. Rxc3 a4 63. Kf6 h4 64. e6+ Kd8 65. e7+ Kd7 66. Rc8 Rd6+ 67. Kf7 1-0

[Event "Nord West Cup"]
[Site "Oldenburg"]
[Date "2000.02.11"]
[Round "2"]
[White "Krause, Thomas"]
[Black "Lau, Dietmar"]
[Result "1/2-1/2"]
[WhiteElo "2144"]
[BlackElo "2205"]
[PlyCount "110"]
[EventDate "2000.??.??"]
[EventType "swiss"]
[EventRounds "7"]
[EventCountry "GER"]
[SourceTitle "EXT 2002"]
[Source "ChessBase"]
[SourceDate "2001.11.25"]
[SourceVersion "1"]
[SourceVersionDate "2001.11.25"]
[SourceQuality "1"]

1. Nf3 Nf6 2. c4 g6 3. g3 Bg7 4. Bg2 0-0 5. 0-0 c5 6. Nc3 Nc6 7. d4 cxd4 8. Nxd4 Nxd4 9. Qxd4 d6 10. Qd3 Nd7 11. b3 Nc5 12. Qd2 a5 13. Bb2 Be6 14. Nd5 Bxb2 15. Qxb2 Bxd5 16. Bxd5 Qb6 17. Rfb1 Rfc8 18. Qd4 Qd8 19. h4 Qf8 20. a3 e6 21. Bg2 Rc7 22. b4 axb4 23. axb4 Rxa1 24. Rxa1 Nd7 25. Rd1 d5 26. cxd5 e5 27. Qb2 Qc8 28. Bh3 f5 29. d6 Rc2 30. Qb3+ Qc4 31. Qxc4+ Rxc4 32. b5 Kf7 33. e3 Ke6 34. Bg2 e4 35. f3 Rc5 36. fxe4 Rxb5 37. exf5+ gxf5 38. e4 Ke5 39. exf5 Rb6 40. g4 Rxd6 41. Rxd6 Kxd6 42. Bxb7 Ke5 43. Bc8 Nf6 44. g5 Ng4 45. Bd7 Kd6 46. Be6 Ke5 47. Bc8 h6 48. Bd7 hxg5 49. hxg5 Kf4 50. g6 Kg5 51. Kg2 Kf6 52. Kg3 Ne5 53. Be8 Nc4 54. Kg4 Ne3+ 55. Kf4 Nxf5 1/2-1/2

[Event "Bayern-chI Bank Hofmann 3rd"]
[Site "Bad Wiessee"]
[Date "1999.10.25"]
[Round "3"]
[White "Lau, Dietmar"]
[Black "Kohlweyer, Bernd"]
[Result "1/2-1/2"]
[WhiteElo "2205"]
[BlackElo "2463"]
[PlyCount "106"]
[EventDate "1999.10.23"]
[EventType "swiss"]
[EventRounds "9"]
[EventCountry "GER"]
[SourceTitle "EXT 2001"]
[Source "ChessBase"]
[SourceDate "2000.11.22"]
[SourceVersion "1"]
[SourceVersionDate "2000.11.22"]
[SourceQuality "1"]

1. d4 Nf6 2. c4 e6 3. g3 d5 4. Bg2 c6 5. Qc2 dxc4 6. Qxc4 b5 7. Qc2 Bb7 8. Nf3 Nbd7 9. Nc3 c5 10. 0-0 a6 11. e4 Rc8 12. d5 e5 13. Nd1 c4 14. Ne3 g6 15. a4 Bd6 16. axb5 axb5 17. b3 c3 18. b4 0-0 19. Rb1 Nb6 20. Nh4 Na4 21. Kh1 Ne8 22. Qe2 Ba6 23. Ra1 Ra8 24. Nc2 Ng7 25. f4 exf4 26. e5 fxg3 27. hxg3 Be7 28. Qf2 Bb7 29. Ne3 Nb2 30. Rxa8 Bxa8 31. Qf4 Nh5 32. Qg4 Nxg3+ 33. Qxg3 Bxh4 34. Qh3 Nd3 35. Ng4 Nxc1 36. Nf6+ Bxf6 37. exf6 Bxd5 38. Qh6 Bxg2+ 39. Kh2 Qxf6 40. Rxf6 Nd3 41. Kxg2 Re8 42. Rc6 c2 43. Qg5 c1Q 44. Rxc1 Nxc1 45. Qxb5 Rc8 46. Qd7 Rc2+ 47. Kf1 Nb3 48. Qd3 Rb2 49. Kg1 h5 50. Qc3 Rb1+ 51. Kg2 Nc1 52. Qc4 Na2 53. b5 Nc3 1/2-1/2

[Event "Niedersachsen-ch"]
[Site "Bad Lauterberg"]
[Date "1999.04.02"]
[Round "9"]
[White "Lau, Dietmar"]
[Black "Von Alvensleben, Wolfram"]
[Result "0-1"]
[WhiteElo "2205"]
[BlackElo "2245"]
[PlyCount "76"]
[EventDate "1999.??.??"]
[EventType "swiss"]
[EventRounds "9"]
[EventCountry "GER"]
[SourceTitle "EXT 2004"]
[Source "ChessBase"]
[SourceDate "2003.11.25"]
[SourceVersion "1"]
[SourceVersionDate "2003.11.25"]
[SourceQuality "1"]

1. d4 Nf6 2. c4 g6 3. g3 Bg7 4. Bg2 0-0 5. e4 c5 6. d5 d6 7. Ne2 e6 8. Nbc3 exd5 9. exd5 Re8 10. 0-0 Nbd7 11. f3 Ne5 12. b3 a6 13. Nf4 b5 14. cxb5 axb5 15. Bd2 b4 16. Ne4 Nxe4 17. fxe4 Ng4 18. Qf3 Bd4+ 19. Kh1 Qf6 20. Rae1 Rxa2 21. Qe2 Qe7 22. Nh3 Ne3 23. Rf2 Bg4 24. Qxe3 Bxe3 25. Bxe3 Rea8 26. Rxa2 Rxa2 27. Nf2 h5 28. h3 Re2 29. Nd3 Rxe1+ 30. Nxe1 Bd1 31. Nd3 Bxb3 32. e5 Bc4 33. exd6 Qxe3 34. d7 Qe7 35. Nxc5 Qd6 36. Ne4 Qe7 37. d6 Qd8 38. Nc5 Bb5 0-1

[Event "Oberliga Nord W 9798"]
[Site "Germany"]
[Date "1998.03.29"]
[Round "8.1"]
[White "Blecken, Volker"]
[Black "Lau, Dietmar"]
[Result "1-0"]
[WhiteElo "2225"]
[BlackElo "2230"]
[PlyCount "71"]
[EventDate "1997.10.??"]
[EventType "team"]
[EventRounds "9"]
[EventCountry "GER"]
[SourceTitle "EXT 2003"]
[Source "ChessBase"]
[SourceDate "2002.11.25"]
[SourceVersion "1"]
[SourceVersionDate "2002.11.25"]
[SourceQuality "1"]
[WhiteTeam "Buxtehude"]
[BlackTeam "Salzgitter"]
[WhiteTeamCountry "GER"]
[BlackTeamCountry "GER"]

1. d4 d6 2. e4 g6 3. c4 Bg7 4. Nc3 Nf6 5. Be2 0-0 6. Nf3 c5 7. d5 e6 8. 0-0 exd5 9. cxd5 a6 10. a4 b6 11. Nd2 Nbd7 12. f4 Rb8 13. Nc4 Ne8 14. Bf3 f5 15. Re1 Bd4+ 16. Kh1 fxe4 17. Nxe4 Ndf6 18. Ng5 Nc7 19. Be3 Nfxd5 20. Bxd4 cxd4 21. g3 Nxf4 22. gxf4 Rxf4 23. Rg1 h6 24. Ne4 d5 25. Rxg6+ Kh7 26. Qxd4 Ne6 27. Rxe6 Bxe6 28. Rg1 Qf8 29. Bh5 Bf5 30. Ncd6 Rxe4 31. Qxd5 Rd8 32. Qxf5+ Qxf5 33. Nxf5 Rd2 34. Bg6+ Kh8 35. Rc1 Rd8 36. Nxh6 1-0

[Event "Oberliga Nord W 9798"]
[Site "Germany"]
[Date "1997.10.19"]
[Round "1.1"]
[White "Wesseln, Kai"]
[Black "Lau, Dietmar"]
[Result "1-0"]
[WhiteElo "2365"]
[BlackElo "2230"]
[PlyCount "159"]
[EventDate "1997.10.??"]
[EventType "team"]
[EventRounds "9"]
[EventCountry "GER"]
[SourceTitle "EXT 2003"]
[Source "ChessBase"]
[SourceDate "2002.11.25"]
[SourceVersion "1"]
[SourceVersionDate "2002.11.25"]
[SourceQuality "1"]
[WhiteTeam "Delmenhorst II"]
[BlackTeam "Salzgitter"]
[WhiteTeamCountry "GER"]
[BlackTeamCountry "GER"]

1. d4 d6 2. Bf4 g6 3. Nf3 Bg7 4. e3 Nd7 5. h3 e5 6. Bh2 exd4 7. exd4 Ne7 8. Bc4 0-0 9. 0-0 Nb6 10. Bb3 Bd7 11. c3 Nf5 12. Nbd2 Bc6 13. Re1 Nh4 14. Nxh4 Qxh4 15. Nf3 Qh5 16. Re7 Rac8 17. Qd3 Bxf3 18. Qxf3 Qxf3 19. gxf3 Bf6 20. Re4 d5 21. Re2 Rfd8 22. Rae1 Kg7 23. Bf4 c6 24. Kg2 Rd7 25. Kg3 Rcd8 26. h4 h5 27. Be5 Bxe5+ 28. Rxe5 Nc8 29. Bc2 Nd6 30. Bd3 Kf8 31. Kf4 Nc8 32. Bf1 Ne7 33. Bh3 Rc7 34. Ke3 Rd6 35. Kf4 Rf6+ 36. Kg3 b6 37. b4 c5 38. bxc5 bxc5 39. Rb1 cxd4 40. cxd4 Ra6 41. Rb8+ Kg7 42. Re8 Kf6 43. Rf8 Ra4 44. Re3 Rxd4 45. Ra3 Rd1 46. Rd8 Rg1+ 47. Kh2 Rgc1 48. Kg3 R1c3 49. Ra6+ Kg7 50. Rdd6 R3c4 51. Ra3 d4 52. Rd3 Nc6 53. Bf1 Rc1 54. Kg2 Rc5 55. Rb3 Rc3 56. Bb5 Ne5 57. Rxd4 Nxf3 58. Rxc3 Rxc3 59. Ra4 Kh6 60. Be2 Ne1+ 61. Kf1 Rc1 62. Bb5 Nf3+ 63. Ke2 Rc3 64. Be8 f5 65. Rxa7 Nxh4 66. Ra6 f4 67. Kd2 Rc5 68. a4 Nf3+ 69. Kd3 Rg5 70. Rf6 Ne5+ 71. Kd4 f3 72. a5 h4 73. a6 h3 74. a7 h2 75. a8Q h1Q 76. Bxg6 Qd1+ 77. Bd3+ Rg6 78. Qh8+ Kg5 79. Rf5+ Kg4 80. Qh5# 1-0

[Event "Oberliga Nord W 9394"]
[Site "Germany"]
[Date "1994.02.27"]
[Round "5.1"]
[White "Lau, Dietmar"]
[Black "Franke, Reiner"]
[Result "1-0"]
[WhiteElo "2205"]
[BlackElo "2290"]
[PlyCount "73"]
[EventDate "1993.10.??"]
[EventType "team"]
[EventRounds "9"]
[EventCountry "GER"]
[SourceTitle "EXT 2003"]
[Source "ChessBase"]
[SourceDate "2002.11.25"]
[SourceVersion "1"]
[SourceVersionDate "2002.11.25"]
[SourceQuality "1"]
[WhiteTeam "Salzgitter"]
[BlackTeam "Werder Bremen II"]
[WhiteTeamCountry "GER"]
[BlackTeamCountry "GER"]

1. c4 g6 2. e4 c5 3. Nf3 Bg7 4. d4 cxd4 5. Nxd4 Nc6 6. Be3 Nf6 7. Nxc6 bxc6 8. Nc3 d6 9. Be2 0-0 10. 0-0 c5 11. e5 dxe5 12. Qxd8 Rxd8 13. Bxc5 Bf8 14. Rad1 Rxd1 15. Rxd1 Bb7 16. b4 e6 17. Bxf8 Kxf8 18. Nb5 Ke7 19. Nd6 Rb8 20. a3 Ba8 21. c5 Bd5 22. Ba6 Ne8 23. Nb5 Ra8 24. h3 Rd8 25. Rc1 Kd7 26. Nxa7 Ra8 27. Bb5+ Ke7 28. Bxe8 Rxa7 29. Bb5 Rxa3 30. c6 Ra8 31. c7 Bb7 32. Rd1 Rc8 33. Rd7+ Ke8 34. h4 h6 35. f3 Ba6 36. Rd8+ Ke7 37. Bxa6 1-0

[Event "Niedersachsen-ch"]
[Site "Bad Lauterberg"]
[Date "1994.??.??"]
[Round "4"]
[White "Bode, Wilfried"]
[Black "Lau, Dietmar"]
[Result "1/2-1/2"]
[WhiteElo "2390"]
[BlackElo "2205"]
[PlyCount "31"]
[EventDate "1994.??.??"]
[EventType "swiss"]
[EventRounds "9"]
[EventCountry "GER"]
[SourceTitle "EXT 2005"]
[Source "ChessBase"]
[SourceDate "2004.11.15"]
[SourceVersion "1"]
[SourceVersionDate "2004.11.15"]
[SourceQuality "1"]

1. e4 c5 2. Nf3 d6 3. d4 cxd4 4. Nxd4 Nf6 5. Nc3 g6 6. Be2 Bg7 7. 0-0 0-0 8. Nb3 Nc6 9. Re1 Be6 10. Bf1 Rc8 11. Nd5 Re8 12. Bg5 Bxd5 13. exd5 Ne5 14. c3 a6 15. a4 Qd7 16. Bxf6 1/2-1/2

[Event "Oberliga Nord W 9394"]
[Site "Germany"]
[Date "1993.11.07"]
[Round "1.1"]
[White "Lau, Dietmar"]
[Black "Sawatzki, Frank"]
[Result "1-0"]
[WhiteElo "2205"]
[BlackElo "2240"]
[PlyCount "127"]
[EventDate "1993.10.??"]
[EventType "team"]
[EventRounds "9"]
[EventCountry "GER"]
[SourceTitle "EXT 2003"]
[Source "ChessBase"]
[SourceDate "2002.11.25"]
[SourceVersion "1"]
[SourceVersionDate "2002.11.25"]
[SourceQuality "1"]
[WhiteTeam "Salzgitter"]
[BlackTeam "Goettingen"]
[WhiteTeamCountry "GER"]
[BlackTeamCountry "GER"]

1. d4 Nf6 2. Nf3 g6 3. Nc3 d5 4. h3 Bg7 5. Bf4 c5 6. e3 cxd4 7. exd4 0-0 8. Be2 Nc6 9. 0-0 Bf5 10. Ne5 Rc8 11. Nxc6 Rxc6 12. Bb5 Rc8 13. Ba4 Qa5 14. Bb3 Rfd8 15. Ne2 b5 16. Ng3 Be6 17. a3 Nd7 18. Re1 Qb6 19. c3 a5 20. Bd2 Qd6 21. Qe2 b4 22. axb4 axb4 23. Ra6 Qb8 24. Rxe6 fxe6 25. Qxe6+ Kh8 26. Bxd5 Qd6 27. Ne4 Qxe6 28. Bxe6 h6 29. cxb4 Kh7 30. Bc3 Rb8 31. Nc5 Nb6 32. Re4 Bf6 33. g3 Nd5 34. Nd7 Rb5 35. Bxd5 Rxd5 36. Nxf6+ exf6 37. Kf1 R8d7 38. Ke2 Kg7 39. Kd3 Rh5 40. h4 Rf5 41. f4 h5 42. Re3 Kf7 43. Re1 Ra7 44. Bd2 Ra2 45. Kc3 Ra6 46. Kc4 Rc6+ 47. Kd3 Rb5 48. Ra1 Ke6 49. Ke4 f5+ 50. Kd3 Kd5 51. Bc3 Re6 52. Ra8 Rd6 53. Re8 Re6 54. Rxe6 Kxe6 55. Kc4 Rd5 56. b5 Rd8 57. b6 Kd7 58. Kb5 Kc8 59. Kc6 Kb8 60. d5 Rc8+ 61. Kd7 Kb7 62. d6 Rb8 63. Bf6 Kxb6 64. Ke6 1-0

[Event "Oberliga Nord W 9293"]
[Site "Germany"]
[Date "1993.01.10"]
[Round "4.1"]
[White "Lau, Dietmar"]
[Black "Chochulski, Artur"]
[Result "0-1"]
[WhiteElo "2235"]
[BlackElo "2290"]
[PlyCount "64"]
[EventDate "1992.10.??"]
[EventType "team"]
[EventRounds "9"]
[EventCountry "GER"]
[SourceTitle "EXT 2003"]
[Source "ChessBase"]
[SourceDate "2002.11.25"]
[SourceVersion "1"]
[SourceVersionDate "2002.11.25"]
[SourceQuality "1"]
[WhiteTeam "Salzgitter"]
[BlackTeam "Braunschweig SC"]
[WhiteTeamCountry "GER"]
[BlackTeamCountry "GER"]

1. c4 Nf6 2. Nf3 e6 3. d4 Bb4+ 4. Bd2 Qe7 5. a3 Bxd2+ 6. Qxd2 a5 7. Nc3 d6 8. e4 e5 9. dxe5 dxe5 10. Qg5 0-0 11. Qxe5 Qxe5 12. Nxe5 Re8 13. f4 Nxe4 14. Nxe4 f6 15. 0-0-0 fxe5 16. c5 Nc6 17. Bc4+ Kh8 18. Ng5 h6 19. Nf7+ Kh7 20. Nxe5 Nxe5 21. fxe5 Rxe5 22. Rd5 Rxd5 23. Bxd5 c6 24. Be4+ Kg8 25. Bg6 Be6 26. Re1 Bf7 27. Bf5 Kf8 28. Kc2 Rd8 29. Re5 Rd4 30. Bc8 Bd5 31. Bxb7 Bxg2 32. Kc3 Rf4 0-1

[Event "Dortmund op-A"]
[Site "Dortmund"]
[Date "1993.??.??"]
[Round "1"]
[White "Lau, Dietmar"]
[Black "Chuchelov, Vladimir"]
[Result "1-0"]
[WhiteElo "2235"]
[BlackElo "2500"]
[PlyCount "84"]
[EventDate "1993.04.??"]
[EventType "swiss"]
[EventRounds "11"]
[EventCountry "GER"]
[SourceTitle "TD"]
[Source "ChessBase"]
[SourceDate "1994.03.01"]
[SourceVersion "1"]
[SourceVersionDate "1994.03.01"]
[SourceQuality "1"]

1. Nf3 Nf6 2. g3 d5 3. Bg2 c6 4. 0-0 Bg4 5. d3 Nbd7 6. Nc3 e5 7. e4 dxe4 8. dxe4 Bc5 9. Qe1 0-0 10. Be3 Qc7 11. Nd2 Be6 12. h3 b5 13. Bxc5 Nxc5 14. Nd1 Rfd8 15. Ne3 h6 16. Kh2 Rd7 17. f3 Rad8 18. Rf2 Na4 19. b3 Nc3 20. Ndf1 b4 21. a4 Rd4 22. g4 Nh7 23. Ng3 Nf8 24. Nef5 R4d7 25. Nh5 f6 26. Bf1 Ng6 27. h4 Nf4 28. Nxf4 exf4 29. Rg2 Qe5 30. g5 fxg5 31. hxg5 h5 32. g6 Qf6 33. Bc4 Bxc4 34. bxc4 Nd1 35. Rb1 Ne3 36. Re2 Qxg6 37. Nxe3 fxe3 38. Rxe3 Rd2+ 39. Re2 Qg5 40. Kh3 h4 41. Rxd2 Rxd2 42. Qg1 Qf4 1-0

[Event "Oberliga Nord W 9192"]
[Site "Germany"]
[Date "1992.02.23"]
[Round "6.1"]
[White "Blatny, Pavel"]
[Black "Lau, Dietmar"]
[Result "1-0"]
[WhiteElo "2480"]
[BlackElo "2270"]
[PlyCount "63"]
[EventDate "1991.10.??"]
[EventType "team"]
[EventRounds "9"]
[EventCountry "GER"]
[SourceTitle "EXT 2003"]
[Source "ChessBase"]
[SourceDate "2002.11.25"]
[SourceVersion "1"]
[SourceVersionDate "2002.11.25"]
[SourceQuality "1"]
[WhiteTeam "Werder Bremen II"]
[BlackTeam "Salzgitter"]
[WhiteTeamCountry "GER"]
[BlackTeamCountry "GER"]

1. e4 c5 2. c3 d5 3. exd5 Qxd5 4. d4 Nc6 5. Nf3 Bg4 6. Be2 cxd4 7. cxd4 e6 8. Nc3 Qd8 9. 0-0 Nf6 10. h3 Bh5 11. Qa4 Be7 12. Rd1 0-0 13. g4 Bg6 14. Ne5 Nb4 15. Nxg6 hxg6 16. Bf3 Nfd5 17. a3 Nxc3 18. bxc3 Nd5 19. Qb3 b5 20. Bd2 Rc8 21. a4 a6 22. axb5 axb5 23. Bxd5 exd5 24. Qxb5 Rb8 25. Qd3 Qc7 26. Rdb1 Rxb1+ 27. Rxb1 Ra8 28. Qb5 Qd6 29. Qb6 Qe6 30. Qb7 Ra2 31. Re1 Qf6 32. Re2 1-0

[Event "Regionalliga NordS 9091"]
[Site "Germany"]
[Date "1990.12.16"]
[Round "3.1"]
[White "Juhnke, Karl"]
[Black "Lau, Dietmar"]
[Result "1/2-1/2"]
[WhiteElo "2305"]
[BlackElo "2210"]
[PlyCount "83"]
[EventDate "1990.10.07"]
[EventType "team"]
[EventRounds "9"]
[EventCountry "GER"]
[SourceTitle "EXT 2003"]
[Source "ChessBase"]
[SourceDate "2002.11.25"]
[SourceVersion "1"]
[SourceVersionDate "2002.11.25"]
[SourceQuality "1"]
[WhiteTeam "Delmenhorst II"]
[BlackTeam "Salzgitter"]
[WhiteTeamCountry "GER"]
[BlackTeamCountry "GER"]

1. d4 d6 2. Nf3 Nf6 3. c4 g6 4. Nc3 Bg7 5. e4 0-0 6. Be3 Nc6 7. h3 e5 8. d5 Ne7 9. g4 c6 10. Bd3 cxd5 11. cxd5 Bd7 12. a4 h5 13. g5 Ne8 14. Bb5 Bxb5 15. Nxb5 Nc8 16. Nc3 Nb6 17. Qe2 Nd7 18. Rg1 Rc8 19. Ra3 Nc5 20. a5 a6 21. b4 Nd7 22. Kd2 Nc7 23. Raa1 f5 24. gxf6 Qxf6 25. Ng5 Qe7 26. Rac1 Nf6 27. b5 axb5 28. Nxb5 Nxb5 29. Qxb5 Bh6 30. Kd3 Rxc1 31. Rxc1 h4 32. Ne6 Bxe3 33. fxe3 Nxe4 34. Kxe4 Qf6 35. Kd3 Qf5+ 36. Kc3 Rc8+ 37. Kb2 Qf2+ 38. Kb1 Qf5+ 39. Ka2 Qf2+ 40. Kb1 Qf5+ 41. Kb2 Qf2+ 42. Kb1 1/2-1/2